Statistics for FIFA 16 Best Players By Club - Premier League

Click here to take the quiz!

General Stats

  • This quiz has been taken 286 times
  • The average score is 21 of 60

Answer Stats

Club Player Rank % Correct
Arsenal FCMesut Özil87
93%
Arsenal FCAlexis Sanchez86
88%
Manchester CitySergio Agüero87
86%
Manchester CityDavid Silva88
83%
Manchester UnitedWayne Rooney85
80%
Tottenham HotspurHugo Lloris85
77%
Chelsea FCEden Hazard89
69%
Manchester CityKevin De Bruyne86
67%
Tottenham HotspurChristian Eriksen83
67%
West Ham UnitedDimitri Payet81
65%
Manchester UnitedDavid De Gea86
65%
Liverpool FCPhilippe Coutinho84
64%
Everton FCRomelu Lukaku81
63%
Arsenal FCSanti Cazorla85
59%
Liverpool FCDaniel Sturridge83
54%
Chelsea FCThibaut Courtois86
53%
Chelsea FCCesc Fabregas87
51%
Leicester CityRobert Huth78
48%
Liverpool FCRoberto Firmino82
47%
Everton FCLeighton Baines83
46%
Stoke CityXherdan Shaqiri80
46%
Tottenham HotspurJan Vertonghen82
45%
Manchester UnitedBastian Schweinsteiger86
43%
Crystal PalaceWilfried Zaha77
38%
Stoke CityBojan Krkic81
35%
Leicester CityShinji Okazaki78
34%
Southampton FCSadio Mané78
34%
Sunderland AFCJermain Defoe78
33%
Crystal PalaceYohan Cabaye80
31%
West Bromwich AlbionSalomon Rondon79
28%
Leicester CityGökhan Inler79
27%
Southampton FCDusan Tadic79
26%
West Ham UnitedWinston Reid79
25%
Everton FCSeamus Coleman81
25%
Swansea CityAndré Ayew79
23%
Swansea CityGylfi Sigurdsson78
22%
Swansea CityAshley Williams81
22%
Newcastle UnitedGeorginio Wijnaldum80
22%
Stoke CityRyan Shawcross80
22%
Southampton FCJosé Fonte81
22%
West Ham UnitedAngelo Ogbonna79
18%
Newcastle UnitedMoussa Sissoko78
16%
Watford FCÉtienne Capoue77
16%
Crystal PalaceScott Dann78
15%
Norwich CityWes Hoolahan76
14%
Bournemouth AFCMax-Alain Gradel79
13%
Newcastle UnitedTim Krul79
13%
Aston VillaMicah Richards78
11%
West Bromwich AlbionBen Foster79
11%
Watford FCAllan Nyom77
10%
Watford FCVictor Ibarbo78
8%
Norwich CityDieumerci Mbokani78
7%
West Bromwich AlbionClaudio Yacob78
6%
Bournemouth AFCJuan Iturbe77
6%
Sunderland AFCJeremain Lens79
5%
Bournemouth AFCSylvain Distin77
4%
Norwich CityYoussouf Mulumbu78
4%
Aston VillaJores Okore77
4%
Sunderland AFCYann M'Vila78
3%
Aston VillaJordan Veretout76
2%

Score Distribution

Percentile by Number Answered

Percent of People with Each Score

Your Score History

You have not taken this quiz